Chemlon's future looks bright
Revitalizácia Chemlonu Humenné v 90. rokoch. Spoločnosti vlastniace väčšinu akcií Chemlonu. Pozitívne výsledky spolupráce spoločností Chemlon, Rhône Poulenc a SNIA Fibres. Transformácia Chemlonu a zmeny vo všetkých oblastiach organizačnej štruktúry. Projekty Chemlonu Humenné plánované v blízkej budú...
Guardado en:
| Formato: | Capítulo de libro |
|---|---|
| Lenguaje: | inglés eslovaco |
| Materias: | |
| Etiquetas: |
Sin Etiquetas, Sea el primero en etiquetar este registro!
|
MARC
| LEADER | 00000naa a2200000 4500 | ||
|---|---|---|---|
| 001 | r034982 | ||
| 005 | 20230623071835.7 | ||
| 041 | 0 | |a eng | |
| 041 | 0 | |a slo | |
| 044 | |a SK | ||
| 245 | 1 | 0 | |a Chemlon's future looks bright |
| 520 | |a Revitalizácia Chemlonu Humenné v 90. rokoch. Spoločnosti vlastniace väčšinu akcií Chemlonu. Pozitívne výsledky spolupráce spoločností Chemlon, Rhône Poulenc a SNIA Fibres. Transformácia Chemlonu a zmeny vo všetkých oblastiach organizačnej štruktúry. Projekty Chemlonu Humenné plánované v blízkej budúcnosti. | ||
| 610 | 2 | 0 | |a Chemlon, a.s. Humenné |
| 610 | 2 | 0 | |a vlákna umelé |
| 610 | 2 | 0 | |a priemysel textilný |
| 610 | 2 | 0 | |a priemysel chemický |
| 610 | 2 | 0 | |a oddlženie |
| 610 | 2 | 0 | |a spolupráca podnikov |
| 610 | 2 | 0 | |a partneri obchodní |
| 610 | 2 | 0 | |a rozvoj podniku |
| 610 | 2 | 0 | |a kvalita výrobkov |
| 610 | 2 | 0 | |a štruktúra podniku organizačná |
| 610 | 2 | 0 | |a Slovensko |
| 610 | 2 | 0 | |a výrobky textilné |
| 610 | 2 | 0 | |a výrobky priemyselné |
| 610 | 2 | 0 | |a Rhône Poulenc |
| 610 | 2 | 0 | |a SNIA |